Региональная эффективность общественного производства. Проблемы. Методы измерения. Пути повышения

Dades bibliogràfiques
Autor principal: Шимов В. Н. Владимир Николаевич
Idioma:rus
Publicat: Минск, Университетское, 1986
Matèries:
Format: Llibre
KOHA link:https://koha.lib.tpu.ru/cgi-bin/koha/opac-detail.pl?biblionumber=277989

MARC

LEADER 00000nam0a2200000 4500
001 277989
005 20231101235053.0
020 |a RU  |b 86-13014 
035 |a (RuTPU)RU\TPU\book\301266 
090 |a 277989 
100 |a 20141208d1986 k a0rusy5003 ca 
101 0 |a rus 
102 |a BY 
105 |a a z 001zy 
200 1 |a Региональная эффективность общественного производства. Проблемы. Методы измерения. Пути повышения  |f В. Н. Шимов 
210 |a Минск  |c Университетское  |d 1986 
215 |a 167 с.  |c ил. 
320 |a Библиогр.: с. 158-164 (132 назв.) 
320 |a Имен. указ.: с. 165-166 
606 1 |a Экономическая эффективность  |2 stltpush  |3 (RuTPU)RU\TPU\subj\26590  |9 50482 
610 1 |a общественное производство 
610 1 |a эффективность 
610 1 |a региональный аспект 
610 1 |a измерение 
610 1 |a повышение 
610 1 |a методы 
610 1 |a методы 
610 1 |a показатели 
610 1 |a расчеты 
686 |a У9(2)0-07  |v LBC/SL-A  |2 rubbk 
700 1 |a Шимов  |b В. Н.  |g Владимир Николаевич 
801 0 |a RU  |b RuMRKP  |c 19950704  |g psbo 
801 1 |a RU  |b 63413507  |c 20141208 
801 2 |a RU  |b 63413507  |c 20191119  |g RCR 
942 |c BK